Normal view
MARC view
- Madura, Jeff
Entry Personal Name
001 - CONTROL NUMBER
- control field: 33658
003 - CONTROL NUMBER IDENTIFIER
- control field: OSt
005 - DATE AND TIME OF LATEST TRANSACTION
- control field: 20141015125724.0
008 - FIXED-LENGTH DATA ELEMENTS
- fixed length control field: 130915|| aca||aabn | a|a d
040 ## - CATALOGING SOURCE
- Original cataloging agency: OSt
- Transcribing agency: OSt
100 10 - HEADING--PERSONAL NAME
- Personal name: Madura, Jeff
670 ## - SOURCE DATA FOUND
- Source citation: Work cat.: (OSt)0: Madura, Jeff., International financial management /, 2012.